01806nam a2200445 i 450000100060000000300080000600500170001400600190003100700150005000800410006502000180010603500220012404000310014604300120017705000240018908200170021310000380023024501420026826400560041030000410046633600310050733700330053833800430057149000260061449000410064050400620068158800830074359001620082661000550098865000290104365000370107265000240110965000290113365000310116265500270119379700180122083000420123885600630128099900170134334165FINmELB20241216220901.0m o u cr cn|||||||||220328s2012 pe fob 000 0 spa d a9786123261047 a(OCoLC)1311929517 aFINmELBbspaerdacFINmELB as-pe---00aJC599.P4bD447 201204a323.09852231 aDegregori, Carlos Iván,eautor.10aHeridas abiertas, derechos esquivos :bderechos humanos, memoria y Comisión de la Verdad y Reconciliación /cCarlos Iván Degregori. 1aLima :bIEP Instituto de Estudios Peruanos,c[2012] a1 recurso en línea (314 páginas) atextobtxt2rdacontent/spa acomputadorabc2rdamedia/spa arecurso en líneabcr2rdacarrier/spa1 aObras escogidas ;vIX1 aSerie Ideología y política ;v43 aIncluye referencias bibliográficas (páginas 307-314). aDescripción basada en metadatos suministrados por el editor y otras fuentes. aRecurso electrónico. Santa Fe, Arg.: elibro, 2022. Disponible vía World Wide Web. El acceso puede estar limitado para las bibliotecas afiliadas a elibro.10aPeru.bComisión de la Verdad y Reconciliación. 0aTruth commissionszPeru. 4aComisiones de la verdadzPerú. 0aHuman rightszPeru. 0aCollective memoryzPeru. 0aRestorative justicezPeru. 4aLibros electrónicos.2 aelibro, Corp. 0aSerie Ideología y política ;v43.40uhttps://elibro.net/ereader/politecnicointernacional/195933 c34165d34165